Rilley's RBI fact or fiction? Bureau of investigation : (Record no. 9367)
[ view plain ]
| 000 -LEADER | |
|---|---|
| fixed length control field | 00981nam a22002057a 4500 |
| 003 - CONTROL NUMBER IDENTIFIER | |
| control field | OSt |
| 005 - DATE AND TIME OF LATEST TRANSACTION | |
| control field | 20260413013021.0 |
| 008 - FIXED-LENGTH DATA ELEMENTS--GENERAL INFORMATION | |
| fixed length control field | 260413b |||||||| |||| 00| 0 eng d |
| 020 ## - INTERNATIONAL STANDARD BOOK NUMBER | |
| International Standard Book Number | 9781893951532 |
| 040 ## - CATALOGING SOURCE | |
| Original cataloging agency | DWCL GS lib |
| Transcribing agency | OC |
| 082 ## - DEWEY DECIMAL CLASSIFICATION NUMBER | |
| Classification number | Fic. W684 2010 |
| 100 ## - MAIN ENTRY--PERSONAL NAME | |
| Personal name | Riley Publishing |
| 245 ## - TITLE STATEMENT | |
| Title | Rilley's RBI fact or fiction? Bureau of investigation : |
| Remainder of title | the dragon's triangle |
| Statement of responsibility, etc. | Riley's Publishing |
| 260 ## - PUBLICATION, DISTRIBUTION, ETC. | |
| Place of publication, distribution, etc. | New York |
| Name of publisher, distributor, etc. | Riley's publishing |
| Date of publication, distribution, etc. | C2010 |
| 300 ## - PHYSICAL DESCRIPTION | |
| Extent | 125 |
| Other physical details | illustrations |
| Dimensions | 19cm |
| 520 ## - SUMMARY, ETC. | |
| Summary, etc. | Ripley's Bureau of Investigation 2: Dragon's Triangle (2010) is a 125-page children's fiction book by Kay Wilkins. It follows teen agents investigating a "slumbering sea dragon" and monstrous creatures causing havoc off the coast of Japan. The story connects to the real-life Dragon's Triangle mystery, aiming at readers aged 7-11. |
| 546 ## - LANGUAGE NOTE | |
| Language note | English |
| 700 ## - ADDED ENTRY--PERSONAL NAME | |
| Personal name | Riley Publishing |
| 942 ## - ADDED ENTRY ELEMENTS (KOHA) | |
| Source of classification or shelving scheme | Dewey Decimal Classification |
| Koha item type | Fiction |
| Classification part | Fic. W684 2010 |
| Suppress in OPAC | No |
| 952 ## - LOCATION AND ITEM INFORMATION (KOHA) | |
| -- | |
| Withdrawn status | Lost status | Source of classification or shelving scheme | Damaged status | Not for loan | Home library | Current library | Shelving location | Date acquired | Source of acquisition | Total Checkouts | Full call number | Barcode | Date last seen | Price effective from | Koha item type | Uniform Resource Identifier |
|---|---|---|---|---|---|---|---|---|---|---|---|---|---|---|---|---|
| Dewey Decimal Classification | Grade School Library | Grade School Library | Fiction | 04/13/2026 | School Fund, Donation | Fic. W684 2010 | 20578 | 04/13/2026 | 04/13/2026 | FIC. |